[Event "Oberbayerische Einzelmeisterschaft 2018"]
[Site "Gröbenzell"]
[Date "2018.05.11"]
[Round "3.1"]
[White "Walter, Tobias"]
[Black "Salvermoser, Bernd"]
[Result "1-0"]
[WhiteElo "2116"]
[BlackElo "2191"]
[PlyCount "99"]
[EventDate "2018.??.??"]
[WhiteTeam "SC Gröbenzell"]
[BlackTeam "SC Gröbenzell"]

1. d4 c5 2. d5 e5 3. e4 d6 4. Be2 Nf6 5. Nc3 Be7 6. Nf3 O-O 7. O-O Ne8 8. Nd2
g6 9. Nc4 Bg5 10. Bxg5 Qxg5 11. Qc1 Qxc1 12. Raxc1 Bd7 13. a4 Na6 14. g3 Nac7
15. f4 f6 16. Na3 Bh3 17. Rfd1 Bc8 18. Rb1 Kf7 19. Kg2 Ke7 20. h3 Rb8 21. Re1
h5 22. Rf1 Ng7 23. Rf2 Bd7 24. Bb5 Nxb5 25. axb5 a6 26. Rbf1 exf4 27. gxf4 axb5
28. Naxb5 Ra8 29. Re1 Ra5 30. Na3 b5 31. e5 fxe5 32. fxe5 Bxh3+ 33. Kg3 Rxf2
34. exd6+ Kxd6 35. Naxb5+ Kd7 36. Kxf2 Bf5 37. Na3 Ra8 38. Nc4 Rf8 39. Ne5+ Kc8
40. Ra1 Kb7 41. Ra5 Bxc2+ 42. Kg2 Nf5 43. Nd7 Ne3+ 44. Kg3 Rf1 45. Nxc5+ Kc7
46. Ra6 Nf5+ 47. Kg2 Ne3+ 48. Kg3 Nf5+ 49. Kh2 Nd6 50. Rc6+ 1-0

[Event "Oberbayerische Einzelmeisterschaft 2018"]
[Site "Gröbenzell"]
[Date "2018.05.11"]
[Round "3.2"]
[White "Grawe, Christian"]
[Black "Kobl, Rudolf"]
[Result "1-0"]
[WhiteElo "2214"]
[BlackElo "2048"]
[PlyCount "65"]
[EventDate "2018.??.??"]
[WhiteTeam "SC Gröbenzell"]
[BlackTeam "SK Wasserburg"]

1. e4 c5 2. Nf3 e6 3. c3 Nc6 4. d4 d5 5. e5 Qb6 6. a3 f6 7. Bd3 cxd4 8. cxd4
Bd7 9. Nc3 fxe5 10. dxe5 O-O-O 11. O-O Kb8 12. b4 Rc8 13. Nb5 Nh6 14. Be3 Qd8
15. Rc1 a6 16. Nbd4 Ng4 17. Nxc6+ Bxc6 18. Bd4 Be7 19. Qb3 Qd7 20. h3 Nh6 21.
Qb2 Bb5 22. Qd2 Bxd3 23. Qxd3 Nf5 24. g4 Nh4 25. Nxh4 Bxh4 26. Be3 h6 27. Qd4
Rc6 28. Qa7+ Kc8 29. Qa8+ Kc7 30. Qxh8 d4 31. Rxc6+ bxc6 32. Rd1 d3 33. Qh7 1-0

[Event "Oberbayerische Einzelmeisterschaft 2018"]
[Site "Gröbenzell"]
[Date "2018.05.11"]
[Round "3.3"]
[White "Lochte, Thomas"]
[Black "Lechermann, Markus"]
[Result "1/2-1/2"]
[WhiteElo "2135"]
[BlackElo "2082"]
[PlyCount "85"]
[EventDate "2018.??.??"]
[WhiteTeam "SK Weilheim"]
[BlackTeam "MTV Ingolstadt"]

1. e4 c5 2. d4 cxd4 3. c3 dxc3 4. Nxc3 Nc6 5. Nf3 d6 6. Bc4 Nf6 7. e5 Ng4 8. e6
Bxe6 9. Bxe6 fxe6 10. Ng5 Nf6 11. Nxe6 Qd7 12. Qe2 Nd8 13. Nxd8 Rxd8 14. Be3 a6
15. Rd1 e6 16. Bd4 Be7 17. O-O Kf7 18. f4 Rhe8 19. g4 Bf8 20. g5 Nd5 21. Nxd5
exd5 22. Qh5+ Kg8 23. f5 Re4 24. h3 Qa4 25. g6 h6 26. b3 Qb4 27. Bb2 Qc5+ 28.
Rf2 Rde8 29. f6 gxf6 30. Qxd5+ Qxd5 31. Rxd5 R8e6 32. Bxf6 Bg7 33. Rdf5 Re1+
34. Kg2 R1e2 35. Bxg7 Rxg6+ 36. Kf1 Rxf2+ 37. Kxf2 Kxg7 38. Rd5 Kf7 39. Kf3 Ke6
40. Rh5 d5 41. Ke3 Rf6 42. Kd4 Rf4+ 43. Kc5 1/2-1/2

[Event "Oberbayerische Einzelmeisterschaft 2018"]
[Site "Gröbenzell"]
[Date "2018.05.11"]
[Round "3.4"]
[White "Glawe, Ralf"]
[Black "Shahin, Walid"]
[Result "1-0"]
[WhiteElo "2059"]
[BlackElo "2084"]
[PlyCount "69"]
[EventDate "2018.??.??"]
[WhiteTeam "MTV Ingolstadt"]
[BlackTeam "SK Weilheim"]

1. e4 e6 2. d4 d5 3. Nd2 Nc6 4. Ngf3 Nf6 5. e5 Nd7 6. Nb3 f6 7. Bb5 a5 8. a4
Bb4+ 9. Bd2 O-O 10. exf6 Qxf6 11. O-O Bd6 12. Bxc6 bxc6 13. Nxa5 e5 14. Nxc6
exd4 15. Ncxd4 Nc5 16. c3 Bg4 17. Be3 Qg6 18. Re1 Qh5 19. Kf1 Rae8 20. h3 Bxh3
21. gxh3 Qxh3+ 22. Ke2 Ne4 23. Rh1 Qg2 24. Qg1 Ng3+ 25. Kd3 Qxh1 26. Qxh1 Nxh1
27. Rxh1 c5 28. Nb5 Rxf3 29. Nxd6 Re6 30. Nb5 Re4 31. Ra1 c4+ 32. Kd2 Re6 33.
a5 Rf8 34. a6 Ra8 35. Nc7 1-0

[Event "Oberbayerische Einzelmeisterschaft 2018"]
[Site "Gröbenzell"]
[Date "2018.05.11"]
[Round "3.5"]
[White "Ungnad, Reiner"]
[Black "Straub, Jürgen"]
[Result "0-1"]
[WhiteElo "2043"]
[BlackElo "2068"]
[PlyCount "94"]
[EventDate "2018.??.??"]
[WhiteTeam "SC Gröbenzell"]
[BlackTeam "TSV Ingolstadt Nord"]

1. e4 c5 2. Nc3 d6 3. f4 Nc6 4. Nf3 g6 5. d4 cxd4 6. Nxd4 Bg7 7. Be3 Nf6 8. Be2
O-O 9. O-O Bd7 10. Qd2 a6 11. Nxc6 Bxc6 12. Bf3 Qc7 13. Rad1 Rac8 14. Bd4 Rfd8
15. Qf2 Nd7 16. Bg4 Bxd4 17. Qxd4 Rb8 18. Bxd7 Qxd7 19. f5 Qe8 20. f6 Rd7 21.
Rd3 exf6 22. Rxf6 Rbd8 23. Rdf3 Qe5 24. Rd3 Kg7 25. Rf2 Qxd4 26. Rxd4 d5 27.
exd5 Bxd5 28. Rfd2 Bc6 29. Rxd7 Rxd7 30. Rxd7 Bxd7 31. Ne2 Kf6 32. Kf2 Bc6 33.
g3 Ke5 34. Ke3 f5 35. c4 g5 36. h4 h6 37. hxg5 hxg5 38. b3 Be4 39. b4 Bb1 40.
Nc3 f4+ 41. gxf4+ gxf4+ 42. Kd2 Bf5 43. a3 Bh3 44. c5 Bf1 45. a4 Kd4 46. b5
axb5 47. Nxb5+ Bxb5 0-1

[Event "Oberbayerische Einzelmeisterschaft 2018"]
[Site "Gröbenzell"]
[Date "2018.05.11"]
[Round "3.6"]
[White "Schlosser, Andree"]
[Black "Steinheimer, Jürgen"]
[Result "1-0"]
[WhiteElo "2087"]
[BlackElo "2023"]
[PlyCount "65"]
[EventDate "2018.??.??"]
[WhiteTeam "TuS Fürstenfeldbruck"]
[BlackTeam "SK Gräfelfing"]

1. c4 e5 2. g3 Nf6 3. Bg2 h6 4. Nf3 e4 5. Nd4 d5 6. cxd5 Qxd5 7. Nc2 Qh5 8. h3
Qg6 9. Nba3 Bd6 10. Ne3 O-O 11. Qc2 Re8 12. Nb5 Nc6 13. Nxd6 cxd6 14. b3 d5 15.
Bb2 d4 16. Nc4 Nd5 17. O-O Bf5 18. e3 d3 19. Qd1 b5 20. Na3 a6 21. Kh2 Bd7 22.
Rc1 Ndb4 23. f3 f5 24. fxe4 fxe4 25. Rc5 Rf8 26. Rf4 Rxf4 27. exf4 Re8 28. Nb1
Nxa2 29. Nc3 Nxc3 30. Bxc3 e3 31. dxe3 Rxe3 32. Be1 Qe6 33. Bd5 1-0

[Event "Oberbayerische Einzelmeisterschaft 2018"]
[Site "Gröbenzell"]
[Date "2018.05.11"]
[Round "3.7"]
[White "Lippert, Frank"]
[Black "Szalewa, Sven"]
[Result "1/2-1/2"]
[WhiteElo "2032"]
[BlackElo "2041"]
[PlyCount "56"]
[EventDate "2018.??.??"]
[WhiteTeam "SK Gräfelfing"]
[BlackTeam "SC Starnberg"]

1. d4 Nf6 2. Nf3 g6 3. c4 Bg7 4. Nc3 d5 5. Bg5 Ne4 6. cxd5 Nxg5 7. Nxg5 e6 8.
Nf3 exd5 9. e3 c6 10. Bd3 Bg4 11. h3 Bxf3 12. Qxf3 Nd7 13. O-O O-O 14. b4 a6
15. a4 Qe7 16. Rab1 Rfd8 17. Rfc1 Nf6 18. b5 axb5 19. axb5 c5 20. dxc5 Qxc5 21.
b6 Qa3 22. Qd1 Rac8 23. Rb3 Qd6 24. Be2 Ne4 25. Nxe4 dxe4 26. Rxc8 Qxd1+ 27.
Bxd1 Rxc8 28. Rb1 Rc6 1/2-1/2

[Event "Oberbayerische Einzelmeisterschaft 2018"]
[Site "Gröbenzell"]
[Date "2018.05.11"]
[Round "3.8"]
[White "Böhm, Korbinian"]
[Black "Graf, Christian"]
[Result "1/2-1/2"]
[WhiteElo "2040"]
[BlackElo "2014"]
[PlyCount "100"]
[EventDate "2018.??.??"]
[WhiteTeam "Sportfr.Windach"]
[BlackTeam "SU Ebersberg-Grafing"]

1. e4 c6 2. d4 d5 3. Nd2 dxe4 4. Nxe4 Bf5 5. Ng3 Bg6 6. h4 h6 7. Nf3 Nd7 8. h5
Bh7 9. Bd3 Bxd3 10. Qxd3 Ngf6 11. Bd2 e6 12. O-O-O Qc7 13. Kb1 O-O-O 14. Ne4
Nc5 15. Nxc5 Bxc5 16. Qc4 Bb6 17. Rh4 Rd5 18. Bf4 Qe7 19. Be5 Rhd8 20. Qe2 Bc7
21. c4 R5d7 22. Rc1 Kb8 23. Qe3 Ka8 24. a3 Bd6 25. Ka2 a6 26. Bxd6 Qxd6 27. Ne5
Re7 28. Nd3 Ree8 29. Rc2 Re7 30. Qe1 Qc7 31. Ne5 c5 32. dxc5 Qxc5 33. b4 Qd6
34. Kb2 Rc7 35. c5 Qd5 36. Nc4 Qg5 37. Rh3 Nd5 38. Rb3 Nf4 39. Qe4 Rd1 40. Nb6+
Ka7 41. Rg3 Qf6+ 42. Kb3 Rb1+ 43. Ka4 Qd8 44. Rgc3 Nd5 45. Nxd5 exd5 46. Qd4
Rc6 47. Rd2 Qe8 48. Ka5 Qd8+ 49. Ka4 Qe8 50. Ka5 Qd8+ 1/2-1/2

[Event "Oberbayerische Einzelmeisterschaft 2018"]
[Site "Gröbenzell"]
[Date "2018.05.11"]
[Round "3.9"]
[White "Sörgel, Thomas"]
[Black "Rosner, Gerhard"]
[Result "1/2-1/2"]
[WhiteElo "1985"]
[BlackElo "2032"]
[PlyCount "42"]
[EventDate "2018.??.??"]
[WhiteTeam "SK Gräfelfing"]
[BlackTeam "SG Pang-Rosenheim"]

1. c4 c5 2. Nc3 Nf6 3. g3 d5 4. cxd5 Nxd5 5. Bg2 Nc7 6. Nf3 Nc6 7. O-O e5 8. d3
Be7 9. b3 O-O 10. Bb2 f6 11. Rc1 Rb8 12. Qd2 b6 13. Rfd1 Qd7 14. Ne1 Rd8 15. e3
Ba6 16. a3 Rbc8 17. Na2 Qe6 18. b4 Nd5 19. Nc3 Nxc3 20. Bxc3 Bb5 21. Qb2 cxb4
1/2-1/2

[Event "Oberbayerische Einzelmeisterschaft 2018"]
[Site "Gröbenzell"]
[Date "2018.05.11"]
[Round "3.10"]
[White "Mooser, Nicolas"]
[Black "Theumer, Lutz"]
[Result "0-1"]
[WhiteElo "1896"]
[BlackElo "2005"]
[PlyCount "118"]
[EventDate "2018.??.??"]
[WhiteTeam "PSV Dorfen"]
[BlackTeam "SC Moosburg"]

1. Nf3 d5 2. g3 c6 3. Bg2 Bg4 4. O-O Nd7 5. d4 e6 6. c4 Bd6 7. Nc3 Ngf6 8. Nd2
Bb4 9. a3 Bxc3 10. bxc3 O-O 11. Re1 Re8 12. Qb3 Qb6 13. cxd5 Qxb3 14. Nxb3 cxd5
15. e3 Rac8 16. Bd2 Nb6 17. Rec1 Be2 18. Bf1 Bxf1 19. Kxf1 Na4 20. Rc2 Ne4 21.
Rac1 Nd6 22. Na5 b6 23. Nb3 Rc7 24. Ke2 Rec8 25. f4 Kf8 26. Be1 Rc4 27. Kd3 Nb5
28. Nd2 Rxc3+ 29. Rxc3 Rxc3+ 30. Rxc3 Nbxc3 31. Nf3 Ne4 32. Kc2 b5 33. Kb3 Nb6
34. Kb4 Nd6 35. Kc5 Ke7 36. Ne5 Nbc4 37. Nc6+ Kd7 38. Nxa7 Nxa3 39. Nc6 Nac4
40. Ne5+ Kc7 41. Bf2 Nb2 42. Be1 Nbc4 43. h3 f6 44. Ng4 h5 45. Nf2 Nxe3 46.
Ba5+ Kd7 47. g4 hxg4 48. hxg4 g6 49. g5 fxg5 50. fxg5 Nb7+ 51. Kxb5 Nxa5 52.
Kxa5 Nc2 53. Nd3 Nxd4 54. Ne5+ Kd6 55. Nxg6 Nf3 56. Kb4 Nxg5 57. Kc3 e5 58. Nh4
e4 59. Nf5+ Ke5 0-1

[Event "Oberbayerische Einzelmeisterschaft 2018"]
[Site "Gröbenzell"]
[Date "2018.05.11"]
[Round "3.11"]
[White "Höller, Armin"]
[Black "Vaccaroni, Juan Manuel"]
[Result "0-1"]
[WhiteElo "1899"]
[BlackElo "1970"]
[PlyCount "88"]
[EventDate "2018.??.??"]
[WhiteTeam "SK Weilheim"]
[BlackTeam "SK Neuburg"]

1. c4 e5 2. g3 Nf6 3. Bg2 d5 4. cxd5 Nxd5 5. d4 Bb4+ 6. Kf1 Nb6 7. a3 Be7 8. d5
O-O 9. Nc3 c6 10. h4 cxd5 11. Nxd5 Nxd5 12. Bxd5 Be6 13. Bb3 Qb6 14. Bxe6 Qxe6
15. Be3 Nc6 16. Nf3 Rad8 17. Qa4 Nd4 18. Bxd4 exd4 19. Rd1 Bc5 20. Rd3 Rfe8 21.
Qc2 Bb6 22. Ng5 Qg6 23. Kg2 h6 24. Nf3 Qe4 25. Re1 f5 26. b4 f4 27. g4 Qe6 28.
Nh2 Kh8 29. Qd2 Qf6 30. Nf3 Qe6 31. Qxf4 Rf8 32. Qg3 Qe4 33. Kh3 Rd7 34. Qe5
Rxf3+ 35. exf3 Qxd3 36. Qe8+ Kh7 37. Qxd7 Qxf3+ 38. Kh2 Qxf2+ 39. Kh3 Qxe1 40.
Qf5+ Kg8 41. Qc8+ Kf7 42. Qxb7+ Qe7 43. Qd5+ Qe6 44. Qb7+ Kg8 0-1

[Event "Oberbayerische Einzelmeisterschaft 2018"]
[Site "Gröbenzell"]
[Date "2018.05.11"]
[Round "3.12"]
[White "Ott, Josef Sebastian"]
[Black "Heinz-Leisenheimer, Matthias"]
[Result "1-0"]
[WhiteElo "2020"]
[BlackElo "1913"]
[PlyCount "89"]
[EventDate "2018.??.??"]
[WhiteTeam "SG Traunstein/Traunreut"]
[BlackTeam "SC Prien"]

1. e4 d6 2. d4 Nf6 3. Nc3 g6 4. f4 Bg7 5. Nf3 Bd7 6. e5 Ng4 7. h3 Nh6 8. Bc4
O-O 9. O-O c5 10. d5 Qa5 11. Bd2 Na6 12. Qe2 Rae8 13. Ne4 Qb6 14. Bc3 Bf5 15.
g4 Bxe4 16. Qxe4 f5 17. Qe1 fxg4 18. Ng5 Rf5 19. Ne6 Bh8 20. Ba5 Qxb2 21. Bc3
Qxc2 22. Bb5 Rff8 23. Bxe8 Rxe8 24. Rf2 Qd3 25. Rd1 Qg3+ 26. Rg2 Qxe1+ 27. Rxe1
gxh3 28. Rg3 Nb4 29. Bxb4 cxb4 30. Rxh3 Ng4 31. exd6 exd6 32. Rc1 Bc3 33. Rg3
Rc8 34. Rxg4 Bd4+ 35. Kg2 Rxc1 36. Nxd4 Ra1 37. f5 Rxa2+ 38. Kf3 Kf7 39. fxg6+
hxg6 40. Nb5 a5 41. Nxd6+ Kf6 42. Ne4+ Kf7 43. d6 Ra3+ 44. Ke2 Rh3 45. Ng5+ 1-0

[Event "Oberbayerische Einzelmeisterschaft 2018"]
[Site "Gröbenzell"]
[Date "2018.05.11"]
[Round "3.13"]
[White "Stocker, Rupert"]
[Black "Holzmayr, Norbert"]
[Result "1-0"]
[WhiteElo "2011"]
[BlackElo "1712"]
[PlyCount "61"]
[EventDate "2018.??.??"]
[WhiteTeam "SC Gröbenzell"]
[BlackTeam "SV Ilmmünster"]

1. c4 f5 2. g3 Nf6 3. Bg2 g6 4. Nc3 e6 5. d3 Bg7 6. e4 c6 7. Nge2 Qa5 8. O-O d6
9. h3 e5 10. Be3 Na6 11. Qd2 O-O 12. Rad1 Nh5 13. d4 f4 14. gxf4 exf4 15. Nxf4
Rf6 16. Ncd5 Qxa2 17. Nxf6+ Nxf6 18. Rc1 g5 19. Nd3 h6 20. f4 Nh5 21. fxg5 Ng3
22. gxh6 Nxf1 23. Bxf1 Bh8 24. Qg2+ Kh7 25. Nf4 Bg4 26. hxg4 Bf6 27. e5 Rg8 28.
exf6 Qb3 29. Rc3 Qd1 30. Qe4+ Kh8 31. Ng6+ 1-0

[Event "Oberbayerische Einzelmeisterschaft 2018"]
[Site "Gröbenzell"]
[Date "2018.05.11"]
[Round "4.1"]
[White "Grawe, Christian"]
[Black "Walter, Tobias"]
[Result "1-0"]
[WhiteElo "2214"]
[BlackElo "2116"]
[PlyCount "43"]
[EventDate "2018.??.??"]
[WhiteTeam "SC Gröbenzell"]
[BlackTeam "SC Gröbenzell"]

1. e4 e6 2. d4 d5 3. Nc3 Nf6 4. e5 Nfd7 5. f4 c5 6. Nf3 Nc6 7. Be3 Qb6 8. Na4
Qc7 9. Nxc5 Nxd4 10. Nxd4 Nxc5 11. Be2 Bd7 12. O-O a6 13. c4 dxc4 14. Bxc4 Be7
15. Rc1 Qa5 16. f5 exf5 17. Nxf5 Bxf5 18. Rxf5 Ne6 19. Rxf7 Qxe5 20. Qf3 Nd4
21. Rxe7+ Kxe7 22. Qxb7+ 1-0

[Event "Oberbayerische Einzelmeisterschaft 2018"]
[Site "Gröbenzell"]
[Date "2018.05.11"]
[Round "4.2"]
[White "Salvermoser, Bernd"]
[Black "Glawe, Ralf"]
[Result "1-0"]
[WhiteElo "2191"]
[BlackElo "2059"]
[PlyCount "113"]
[EventDate "2018.??.??"]
[WhiteTeam "SC Gröbenzell"]
[BlackTeam "MTV Ingolstadt"]

1. d4 Nf6 2. c4 e6 3. Nc3 Bb4 4. e3 O-O 5. Nf3 c5 6. Bd3 d5 7. O-O cxd4 8. exd4
dxc4 9. Bxc4 Nbd7 10. Bg5 Qc7 11. Qd3 Bxc3 12. bxc3 b6 13. Bb3 Bb7 14. Rfe1
Rac8 15. Rac1 Rfd8 16. Bxf6 gxf6 17. Qe3 Kh8 18. c4 Bxf3 19. Qxf3 Rg8 20. Rcd1
Rg5 21. Ba4 Rf5 22. Qh3 Nf8 23. Bc2 Rg5 24. Qf3 Nd7 25. Ba4 Rcg8 26. g3 Rf5 27.
Qe3 Nf8 28. Bc2 Rfg5 29. Bb3 Ng6 30. Kf1 Qd7 31. f4 Rh5 32. Rd2 Ne7 33. Qe2 Rh6
34. Bc2 Qc8 35. d5 e5 36. fxe5 Rxg3 37. hxg3 Rh1+ 38. Kg2 Qh3+ 39. Kf3 Qh5+ 40.
Ke3 Qxe5+ 41. Kd3 Rxe1 42. Qxe5 fxe5 43. d6 Nc6 44. d7 Kg7 45. c5 bxc5 46. Kc4
Nd8 47. Kxc5 e4 48. Kd6 Kf8 49. Rd4 Re3 50. Rxe4 Rxe4 51. Bxe4 h6 52. g4 f6 53.
Bd5 a5 54. a4 f5 55. gxf5 h5 56. f6 h4 57. Kc7 1-0

[Event "Oberbayerische Einzelmeisterschaft 2018"]
[Site "Gröbenzell"]
[Date "2018.05.11"]
[Round "4.3"]
[White "Straub, Jürgen"]
[Black "Lochte, Thomas"]
[Result "0-1"]
[WhiteElo "2068"]
[BlackElo "2135"]
[PlyCount "58"]
[EventDate "2018.??.??"]
[WhiteTeam "TSV Ingolstadt Nord"]
[BlackTeam "SK Weilheim"]

1. Nf3 Nf6 2. g3 c5 3. c4 Nc6 4. Bg2 d5 5. cxd5 Nxd5 6. O-O e5 7. d3 Be7 8. Nc3
Nxc3 9. bxc3 O-O 10. Nd2 Be6 11. Nc4 Bd5 12. Bxd5 Qxd5 13. Ne3 Qd7 14. Ba3 Rad8
15. c4 Qh3 16. Nd5 Bd6 17. e3 f5 18. f4 exf4 19. gxf4 Ne7 20. Nxe7+ Bxe7 21.
Rf3 Qh6 22. Rb1 Qc6 23. Rb3 Rf6 24. Bb2 Rg6+ 25. Rg3 Bh4 26. Rxg6 Qxg6+ 27. Kf1
Qc6 28. e4 fxe4 29. Qg4 Bf6 0-1

[Event "Oberbayerische Einzelmeisterschaft 2018"]
[Site "Gröbenzell"]
[Date "2018.05.11"]
[Round "4.4"]
[White "Lechermann, Markus"]
[Black "Schlosser, Andree"]
[Result "1/2-1/2"]
[WhiteElo "2082"]
[BlackElo "2087"]
[PlyCount "139"]
[EventDate "2018.??.??"]
[WhiteTeam "MTV Ingolstadt"]
[BlackTeam "TuS Fürstenfeldbruck"]

1. d4 d6 2. Bf4 g6 3. e3 Bg7 4. Nf3 Nf6 5. h3 O-O 6. Be2 c5 7. c3 Qb6 8. Qb3
Be6 9. Qxb6 axb6 10. a3 Nc6 11. Nbd2 d5 12. O-O c4 13. Ne5 b5 14. Bf3 Rfd8 15.
Rfe1 Kf8 16. Rad1 Nxe5 17. Bxe5 Bf5 18. e4 Nxe4 19. Bxg7+ Kxg7 20. Nxe4 Bxe4
21. Bxe4 dxe4 22. Rxe4 e6 23. Re5 Rd5 24. Rxd5 exd5 25. Re1 Kf8 26. Re5 Rd8 27.
g4 h6 28. h4 Rd6 29. g5 hxg5 30. hxg5 Rd7 31. Kg2 Rd6 32. Kg3 Rd7 33. Kg4 Rd6
34. f4 Rd7 35. f5 gxf5+ 36. Kxf5 Rd6 37. Kg4 Rd7 38. Kf4 Rd6 39. Ke3 Rd7 40.
Kd2 Rd6 41. Kc2 Rd8 42. Kb1 Rd6 43. Ka2 Rd8 44. Ka1 Rd6 45. Kb1 Rd8 46. a4 bxa4
47. Ka2 b5 48. Ka3 Rd7 49. Kb4 Rd8 50. Kc5 Rc8+ 51. Kxd5 b4 52. Re1 bxc3 53.
bxc3 Kg7 54. Ra1 Kg6 55. Rxa4 Kxg5 56. Rxc4 Rd8+ 57. Ke5 Re8+ 58. Kd6 f5 59.
Kd7 Re4 60. Rc8 f4 61. Rg8+ Kh4 62. d5 f3 63. d6 f2 64. Rf8 Kg3 65. Rxf2 Kxf2
66. Kd8 Rc4 67. d7 Rxc3 68. Ke7 Rd3 69. d8=R Rxd8 70. Kxd8 1/2-1/2

[Event "Oberbayerische Einzelmeisterschaft 2018"]
[Site "Gröbenzell"]
[Date "2018.05.11"]
[Round "4.5"]
[White "Shahin, Walid"]
[Black "Rosner, Gerhard"]
[Result "1-0"]
[WhiteElo "2084"]
[BlackElo "2032"]
[PlyCount "134"]
[EventDate "2018.??.??"]
[WhiteTeam "SK Weilheim"]
[BlackTeam "SG Pang-Rosenheim"]

1. d4 d5 2. c4 dxc4 3. Nc3 Nf6 4. Nf3 e6 5. e3 c5 6. Bxc4 a6 7. a4 Nc6 8. O-O
Qc7 9. Qe2 b6 10. d5 exd5 11. Nxd5 Nxd5 12. Bxd5 Bd6 13. Qc4 O-O 14. Qh4 Bb7
15. Rd1 Rad8 16. e4 Ne7 17. Qg4 Bxd5 18. exd5 Qd7 19. Qe4 h6 20. Kf1 Rfe8 21.
Bd2 Nf5 22. Qc2 a5 23. Bc3 Bf4 24. Qb3 Rb8 25. Re1 Bc7 26. h3 Rxe1+ 27. Rxe1
Re8 28. Rxe8+ Qxe8 29. Qc4 Qd7 30. Ne5 Qd6 31. Qg4 g6 32. Qe4 Ne7 33. Ng4 Kf8
34. Nf6 Qf4 35. Qxf4 Bxf4 36. Nd7+ Ke8 37. Nxb6 Bc7 38. Bxa5 Nxd5 39. Nxd5 Bxa5
40. Ke2 Kd7 41. Kd3 Kc6 42. Kc4 Bd2 43. Nc3 Be1 44. f3 Bf2 45. Ne4 Be3 46. b3
Bg1 47. Nf6 Bd4 48. Nd5 Bf2 49. Nc3 Be3 50. a5 Bd2 51. Na4 Bxa5 52. Nxc5 Bb6
53. b4 Ba7 54. Ne4 Be3 55. b5+ Kc7 56. Kd5 Bf4 57. g3 Be3 58. Nd6 f5 59. Ke6
Bf2 60. Nf7 Bxg3 61. Kf6 Kb6 62. Kxg6 Kxb5 63. Nxh6 f4 64. Nf5 Kc4 65. h4 Kd3
66. h5 Be1 67. h6 Bc3 1-0

[Event "Oberbayerische Einzelmeisterschaft 2018"]
[Site "Gröbenzell"]
[Date "2018.05.11"]
[Round "4.6"]
[White "Kobl, Rudolf"]
[Black "Lippert, Frank"]
[Result "0-1"]
[WhiteElo "2048"]
[BlackElo "2032"]
[PlyCount "76"]
[EventDate "2018.??.??"]
[WhiteTeam "SK Wasserburg"]
[BlackTeam "SK Gräfelfing"]

1. e4 e5 2. Nf3 Nc6 3. Bc4 Bc5 4. b4 Bxb4 5. c3 Ba5 6. d4 Bb6 7. O-O Qf6 8. Bg5
Qg6 9. dxe5 f6 10. exf6 gxf6 11. Bf4 Nge7 12. Re1 d6 13. Nh4 Qg4 14. Qxg4 Bxg4
15. h3 Bh5 16. Nf5 Bf7 17. Ng7+ Kf8 18. Bxf7 Kxf7 19. Nh5 Ne5 20. Rd1 Rhg8 21.
Kf1 N5g6 22. Bg3 f5 23. Nd2 Raf8 24. Re1 Ke8 25. f3 f4 26. Bh2 Nc6 27. Nc4 Nce5
28. Nxb6 axb6 29. Rad1 Nh4 30. Nxf4 Nhxf3 31. gxf3 Nxf3 32. Ke2 Nxh2 33. Ne6
Rg2+ 34. Ke3 Rf3+ 35. Kd4 Kd7 36. Ng5 Rxg5 37. Rh1 b5 38. Rxh2 c5# 0-1

[Event "Oberbayerische Einzelmeisterschaft 2018"]
[Site "Gröbenzell"]
[Date "2018.05.11"]
[Round "4.7"]
[White "Graf, Christian"]
[Black "Ungnad, Reiner"]
[Result "1/2-1/2"]
[WhiteElo "2014"]
[BlackElo "2043"]
[PlyCount "84"]
[EventDate "2018.??.??"]
[WhiteTeam "SU Ebersberg-Grafing"]
[BlackTeam "SC Gröbenzell"]

1. e4 e5 2. Nf3 Nc6 3. Bb5 a6 4. Bxc6 dxc6 5. d3 Bg4 6. h3 Bxf3 7. Qxf3 Ne7 8.
Be3 Ng6 9. Nd2 Be7 10. Qg4 Qd7 11. Qxd7+ Kxd7 12. Nf3 c5 13. O-O-O Rad8 14. Ng1
Kc8 15. Ne2 Bd6 16. b3 f6 17. Rhf1 Nh4 18. g3 Nf3 19. c3 h5 20. Ng1 Nxg1 21.
Rxg1 g5 22. Rh1 Rh7 23. Kc2 b6 24. Rdf1 Rhd7 25. Rd1 Rg8 26. Rh2 Rf7 27. Rg2
Rh7 28. Rh1 Kd7 29. Kd2 Ke6 30. Ke2 b5 31. Ra1 a5 32. c4 c6 33. Rgg1 bxc4 34.
bxc4 Rb7 35. Rab1 Rgb8 36. Rxb7 Rxb7 37. Rd1 a4 38. Bc1 Bc7 39. Kd2 Ba5+ 40.
Kc2 Kd6 41. Be3 Bb4 42. Rb1 a3 1/2-1/2

[Event "Oberbayerische Einzelmeisterschaft 2018"]
[Site "Gröbenzell"]
[Date "2018.05.11"]
[Round "4.8"]
[White "Szalewa, Sven"]
[Black "Sörgel, Thomas"]
[Result "1/2-1/2"]
[WhiteElo "2041"]
[BlackElo "1985"]
[PlyCount "60"]
[EventDate "2018.??.??"]
[WhiteTeam "SC Starnberg"]
[BlackTeam "SK Gräfelfing"]

1. d4 d5 2. Bf4 Nf6 3. e3 e6 4. Nd2 Bd6 5. Bg3 O-O 6. Bd3 b6 7. Ngf3 Bb7 8. Ne5
Nbd7 9. f4 Ne4 10. c3 f5 11. Ndf3 Ndf6 12. Bh4 Qe8 13. Ng5 h6 14. Nxe4 Nxe4 15.
g4 Bxe5 16. dxe5 d4 17. cxd4 Nc5 18. Rg1 Nxd3+ 19. Qxd3 Be4 20. Qe2 Kh7 21. g5
c5 22. gxh6 gxh6 23. Bf6 Rg8 24. Kf2 Qf7 25. dxc5 bxc5 26. Qb5 Rab8 27. Rxg8
Rxg8 28. Rd1 Bd5 29. Rf1 Rg2+ 30. Ke1 Qb7 1/2-1/2

[Event "Oberbayerische Einzelmeisterschaft 2018"]
[Site "Gröbenzell"]
[Date "2018.05.11"]
[Round "4.9"]
[White "Theumer, Lutz"]
[Black "Böhm, Korbinian"]
[Result "0-1"]
[WhiteElo "2005"]
[BlackElo "2040"]
[PlyCount "86"]
[EventDate "2018.??.??"]
[WhiteTeam "SC Moosburg"]
[BlackTeam "Sportfr.Windach"]

1. d4 Nf6 2. Bf4 c5 3. e3 e6 4. c3 Qb6 5. Qb3 Nc6 6. Nd2 Qxb3 7. Nxb3 b6 8. Nf3
Be7 9. Be2 O-O 10. O-O Nh5 11. Bg5 f6 12. Bh4 g5 13. Nfd2 Ng7 14. Bg3 f5 15. f4
h6 16. a4 d5 17. Nc1 g4 18. h3 h5 19. Bf2 Ne8 20. h4 Nc7 21. Nd3 Ba6 22. Rfe1
Rfb8 23. Ne5 Nxe5 24. fxe5 Bxe2 25. Rxe2 c4 26. Nb1 Kf7 27. g3 Ke8 28. Na3 a6
29. Be1 Kd7 30. Rc2 Kc6 31. Rcc1 b5 32. axb5+ Nxb5 33. Nc2 Nc7 34. Ra2 a5 35.
Bd2 a4 36. Rca1 Rb3 37. Kf1 Nb5 38. Bc1 a3 39. Nxa3 Bxa3 40. bxa3 Nxc3 41. Rc2
Kb5 42. Bd2 Ne4 43. a4+ Rxa4 0-1

[Event "Oberbayerische Einzelmeisterschaft 2018"]
[Site "Gröbenzell"]
[Date "2018.05.11"]
[Round "4.10"]
[White "Vaccaroni, Juan Manuel"]
[Black "Ott, Josef Sebastian"]
[Result "1-0"]
[WhiteElo "1970"]
[BlackElo "2020"]
[PlyCount "95"]
[EventDate "2018.??.??"]
[WhiteTeam "SK Neuburg"]
[BlackTeam "SG Traunstein/Traunreut"]

1. e4 c5 2. Nf3 d6 3. d4 cxd4 4. Nxd4 Nf6 5. Nc3 a6 6. f4 e5 7. Nf3 Nbd7 8. a4
Qc7 9. Bd3 Be7 10. O-O O-O 11. Kh1 Nc5 12. fxe5 dxe5 13. Bg5 Rd8 14. Qe2 Ne6
15. Bxf6 Bxf6 16. Nd5 Qc6 17. Nxe5 Qc5 18. Nxf6+ gxf6 19. Ng4 Kh8 20. Rf5 Qc7
21. Nxf6 Nf4 22. Rh5 Kg7 23. Qe3 Nxh5 24. Qg5+ Kf8 25. Qxh5 Be6 26. Qh6+ Ke7
27. Qg5 Kd6 28. e5+ Kc6 29. Be4+ Kb6 30. Qe3+ Qc5 31. a5+ Kb5 32. Bd3+ Kc6 33.
Be4+ Kb5 34. Qf4 Qd4 35. h3 Rac8 36. c3 Qc4 37. Qf2 Qc5 38. Qc2 Qc4 39. Bf3 Qf4
40. Ne4 Kc6 41. Qf2 Qxe5 42. Nc5+ Kc7 43. Nxb7 Rd3 44. Nc5 Re3 45. Nxa6+ Kd8
46. Nb4 Qc5 47. a6 Qa7 48. Nc2 1-0

[Event "Oberbayerische Einzelmeisterschaft 2018"]
[Site "Gröbenzell"]
[Date "2018.05.11"]
[Round "4.11"]
[White "Steinheimer, Jürgen"]
[Black "Mooser, Nicolas"]
[Result "1-0"]
[WhiteElo "2023"]
[BlackElo "1896"]
[PlyCount "79"]
[EventDate "2018.??.??"]
[WhiteTeam "SK Gräfelfing"]
[BlackTeam "PSV Dorfen"]

1. e4 c5 2. Nf3 e6 3. c3 Nf6 4. e5 Nd5 5. d4 cxd4 6. cxd4 d6 7. a3 b6 8. Bb5+
Nd7 9. O-O Be7 10. Bc6 Rb8 11. Bxd5 exd5 12. exd6 Bxd6 13. Re1+ Be7 14. Qe2 Nf6
15. Ne5 Bb7 16. Qb5+ Nd7 17. Bf4 Rc8 18. Nc3 a6 19. Qe2 Nf6 20. Nd3 Ne4 21. f3
Nxc3 22. bxc3 Rxc3 23. Bd2 Rc6 24. Qe5 f6 25. Qh5+ g6 26. Qh6 Kf7 27. h4 Bf8
28. Qf4 Bd6 29. Ne5+ Bxe5 30. dxe5 Re6 31. exf6 Rxf6 32. Qd4 Rf5 33. Bg5 Rxg5
34. hxg5 Re8 35. Qf4+ Kg8 36. Rxe8+ Qxe8 37. Rc1 Bc6 38. Kh2 Bb5 39. Rc7 Qf8
40. Qe5 1-0